[Event "DEM U12 2023"]
[Site "Willingen GER"]
[Date "2023.06.01"]
[Round "7"]
[White "Radeke, Timothy"]
[Black "Berndt, Ronson"]
[Result "1-0"]
[Termination "normal"]
[Board "15"]
[WhiteElo "1485"]
[BlackElo "1475"]
[WhiteClock "01:01:25"]
[BlackClock "00:26:04"]
[PlyCount "103"]
[WhiteFideId "16289412"]
[BlackFideId "34618694"]
[EventCountry "GER"]
[EventRounds "9"]
[EventType "swiss"]
[EventDate "2023.05.27"]

1. e4 {[%clk 01:30:58]} {[%emt 00:00:01]} c5 {[%clk 01:30:43]} {[%emt
00:00:18]} 2. Nf3 {[%clk 01:31:23]} {[%emt 00:00:05]} e6 {[%clk 01:31:00]}
{[%emt 00:00:13]} 3. d4 {[%clk 01:31:47]} {[%emt 00:00:07]} cxd4 {[%clk
01:31:24]} {[%emt 00:00:06]} 4. Nxd4 {[%clk 01:32:15]} {[%emt 00:00:01]} a6
{[%clk 01:31:41]} {[%emt 00:00:13]} 5. c4 {[%clk 01:32:40]} {[%emt 00:00:05]}
Nf6 {[%clk 01:32:05]} {[%emt 00:00:06]} 6. Nc3 {[%clk 01:32:57]} {[%emt
00:00:13]} Bb4 {[%clk 01:32:31]} {[%emt 00:00:05]} 7. f3 {[%clk 01:24:42]}
{[%emt 00:08:45]} d5 {[%clk 01:32:12]} {[%emt 00:00:48]} 8. exd5 {[%clk
01:22:02]} {[%emt 00:03:10]} exd5 {[%clk 01:31:00]} {[%emt 00:01:42]} 9. Qa4+
{[%clk 01:22:03]} {[%emt 00:00:28]} Nc6 {[%clk 01:30:48]} {[%emt 00:00:43]} 10.
Nxc6 {[%clk 01:22:16]} {[%emt 00:00:17]} Bxc3+ {[%clk 01:31:13]} {[%emt
00:00:05]} 11. bxc3 {[%clk 01:22:40]} {[%emt 00:00:07]} bxc6 {[%clk 01:30:31]}
{[%emt 00:01:12]} 12. Qxc6+ {[%clk 01:22:59]} {[%emt 00:00:11]} Bd7 {[%clk
01:30:57]} {[%emt 00:00:04]} 13. Qd6 {[%clk 01:22:56]} {[%emt 00:00:33]} Be6
{[%clk 01:06:09]} {[%emt 00:25:19]} 14. Qxd8+ {[%emt 00:00:39]} Rxd8 {[%clk
01:06:30]} {[%emt 00:00:07]} 15. cxd5 {[%clk 01:23:08]} {[%emt 00:00:10]} Nxd5
{[%clk 01:06:48]} {[%emt 00:00:11]} 16. c4 {[%clk 01:22:14]} {[%emt 00:01:25]}
Nb4 {[%clk 01:03:03]} {[%emt 00:04:15]} 17. Kf2 {[%clk 01:20:28]} {[%emt
00:02:16]} Nd3+ {[%clk 00:54:04]} {[%emt 00:09:29]} 18. Bxd3 {[%clk 01:12:25]}
{[%emt 00:08:34]} Rxd3 {[%clk 00:54:23]} {[%emt 00:00:10]} 19. c5 {[%clk
01:12:46]} {[%emt 00:00:09]} O-O {[%clk 00:54:33]} {[%emt 00:00:19]} 20. Bf4
{[%clk 01:07:53]} {[%emt 00:05:23]} Ra3 {[%clk 00:50:43]} {[%emt 00:04:20]} 21.
Bd6 {[%clk 01:00:59]} {[%emt 00:07:25]} Rc8 {[%clk 00:49:45]} {[%emt 00:01:25]}
22. Rhb1 {[%clk 00:58:01]} {[%emt 00:03:31]} Rxa2+ {[%clk 00:48:57]} {[%emt
00:01:19]} 23. Rxa2 {[%clk 00:57:57]} {[%emt 00:00:34]} Bxa2 {[%clk 00:49:20]}
{[%emt 00:00:06]} 24. Rb6 {[%clk 00:58:09]} {[%emt 00:00:18]} a5 {[%clk
00:39:35]} {[%emt 00:10:15]} 25. Ra6 {[%clk 00:57:53]} {[%emt 00:00:46]} Be6
{[%clk 00:38:16]} {[%emt 00:01:48]} 26. Rxa5 {[%clk 00:58:14]} {[%emt
00:00:09]} g6 {[%clk 00:38:41]} {[%emt 00:00:06]} 27. Ke3 {[%clk 00:56:39]}
{[%emt 00:02:05]} Bd5 {[%clk 00:31:51]} {[%emt 00:07:19]} 28. Kd4 {[%clk
00:53:09]} {[%emt 00:04:00]} Bc6 {[%clk 00:30:31]} {[%emt 00:01:50]} 29. Ra7
{[%clk 00:53:26]} {[%emt 00:00:14]} h5 {[%clk 00:29:39]} {[%emt 00:01:22]} 30.
Ke5 {[%clk 00:53:36]} {[%emt 00:00:19]} Re8+ {[%clk 00:20:56]} {[%emt
00:09:12]} 31. Re7 {[%clk 00:53:30]} {[%emt 00:00:37]} Kg7 {[%clk 00:20:18]}
{[%emt 00:01:08]} 32. Rxe8 {[%clk 00:53:49]} {[%emt 00:00:12]} Bxe8 {[%clk
00:20:44]} {[%emt 00:00:04]} 33. Be7 {[%clk 00:54:12]} {[%emt 00:00:07]} Bd7
{[%clk 00:20:54]} {[%emt 00:00:20]} 34. Kd6 {[%clk 00:54:37]} {[%emt 00:00:05]}
Be6 {[%clk 00:21:18]} {[%emt 00:00:05]} 35. c6 {[%clk 00:55:02]} {[%emt
00:00:05]} Bf5 {[%clk 00:21:16]} {[%emt 00:00:33]} 36. Kc7 {[%clk 00:55:27]}
{[%emt 00:00:05]} f6 {[%clk 00:21:26]} {[%emt 00:00:20]} 37. Kd8 {[%clk
00:55:50]} {[%emt 00:00:06]} Kf7 {[%clk 00:21:42]} {[%emt 00:00:14]} 38. c7
{[%clk 00:56:15]} {[%emt 00:00:05]} g5 {[%clk 00:22:02]} {[%emt 00:00:10]} 39.
Bc5 {[%clk 00:56:39]} {[%emt 00:00:06]} g4 {[%clk 00:22:13]} {[%emt 00:00:19]}
40. c8=Q {[%emt 00:00:15]} Bxc8 {[%clk 00:22:38]} {[%emt 00:00:04]} 41. Kxc8
{[%clk 00:57:16]} {[%emt 00:00:08]} Ke6 {[%clk 00:22:57]} {[%emt 00:00:11]} 42.
fxg4 {[%clk 00:57:23]} {[%emt 00:00:23]} hxg4 {[%clk 00:23:23]} {[%emt
00:00:04]} 43. Be3 {[%clk 00:57:38]} {[%emt 00:00:14]} Ke5 {[%clk 00:23:33]}
{[%emt 00:00:20]} 44. g3 {[%clk 00:58:04]} {[%emt 00:00:06]} Ke4 {[%clk
00:23:48]} {[%emt 00:00:15]} 45. Bf4 {[%clk 00:58:29]} {[%emt 00:00:04]} Kf3
{[%emt 00:00:13]} 46. Kd7 {[%clk 00:58:53]} {[%emt 00:00:04]} Kg2 {[%clk
00:24:22]} {[%emt 00:00:15]} 47. Ke6 {[%clk 00:59:19]} {[%emt 00:00:04]} Kxh2
{[%clk 00:24:47]} {[%emt 00:00:05]} 48. Kxf6 {[%clk 00:59:44]} {[%emt
00:00:05]} Kg2 {[%clk 00:25:03]} {[%emt 00:00:14]} 49. Kf5 {[%clk 01:00:10]}
{[%emt 00:00:04]} Kf3 {[%clk 00:25:23]} {[%emt 00:00:11]} 50. Kg5 {[%clk
01:00:35]} {[%emt 00:00:04]} Ke4 {[%clk 00:25:41]} {[%emt 00:00:12]} 51. Kxg4
{[%clk 01:01:00]} {[%emt 00:00:05]} Kd5 {[%clk 00:26:04]} {[%emt 00:00:07]} 52.
Kf5 {[%clk 01:01:25]} {[%emt 00:00:05]} 1-0

[Event "DEM U12 2023"]
[Site "Willingen GER"]
[Date "2023.06.01"]
[Round "7"]
[White "Shevchenko, Igor"]
[Black "Stehning, Toni"]
[Result "0-1"]
[Termination "normal"]
[Board "16"]
[WhiteElo "1432"]
[BlackElo "1499"]
[WhiteClock "00:18:36"]
[BlackClock "00:47:17"]
[PlyCount "98"]
[WhiteFideId "34634924"]
[BlackFideId "34623477"]
[EventCountry "GER"]
[EventRounds "9"]
[EventType "swiss"]
[EventDate "2023.05.27"]

1. d4 {[%clk 01:30:59]} {[%emt 00:00:01]} d5 {[%clk 01:30:56]} {[%emt
00:00:05]} 2. c4 {[%clk 01:31:20]} {[%emt 00:00:08]} e6 {[%clk 01:31:21]}
{[%emt 00:00:05]} 3. Nf3 {[%clk 01:31:44]} {[%emt 00:00:06]} c5 {[%clk
01:31:46]} {[%emt 00:00:05]} 4. cxd5 {[%clk 01:31:39]} {[%emt 00:00:35]} exd5
{[%clk 01:32:05]} {[%emt 00:00:11]} 5. Nc3 {[%clk 01:31:57]} {[%emt 00:00:12]}
Nf6 {[%clk 01:32:21]} {[%emt 00:00:14]} 6. Bg5 {[%clk 01:32:01]} {[%emt
00:00:26]} Nc6 {[%clk 01:30:34]} {[%emt 00:02:17]} 7. dxc5 {[%clk 01:30:40]}
{[%emt 00:01:51]} d4 {[%clk 01:29:26]} {[%emt 00:01:38]} 8. Na4 {[%clk
01:30:51]} {[%emt 00:00:19]} Bxc5 {[%clk 01:29:03]} {[%emt 00:00:54]} 9. Nxc5
{[%clk 01:31:07]} {[%emt 00:00:14]} Qa5+ {[%clk 01:29:28]} {[%emt 00:00:04]}
10. Bd2 {[%clk 01:31:22]} {[%emt 00:00:15]} Qxc5 {[%clk 01:29:48]} {[%emt
00:00:10]} 11. Rc1 {[%clk 01:31:33]} {[%emt 00:00:19]} Qb6 {[%clk 01:30:06]}
{[%emt 00:00:12]} 12. e3 {[%clk 01:30:58]} {[%emt 00:01:05]} O-O {[%clk
01:30:07]} {[%emt 00:00:29]} 13. exd4 {[%clk 01:28:37]} {[%emt 00:02:51]} Nxd4
{[%clk 01:28:47]} {[%emt 00:01:50]} 14. Nxd4 {[%clk 01:27:09]} {[%emt
00:01:58]} Qxd4 {[%clk 01:29:00]} {[%emt 00:00:17]} 15. Bc3 {[%clk 01:26:42]}
{[%emt 00:00:58]} Re8+ {[%clk 01:24:47]} {[%emt 00:04:42]} 16. Be2 {[%clk
01:25:43]} {[%emt 00:01:29]} Qb6 {[%clk 01:14:54]} {[%emt 00:10:21]} 17. O-O
{[%clk 01:24:52]} {[%emt 00:01:23]} Bf5 {[%clk 01:14:59]} {[%emt 00:00:25]} 18.
Bf3 {[%clk 01:20:37]} {[%emt 00:04:44]} Be4 {[%clk 01:12:14]} {[%emt 00:03:16]}
19. Bxe4 {[%clk 01:13:55]} {[%emt 00:07:12]} Nxe4 {[%clk 01:12:08]} {[%emt
00:00:36]} 20. Bd4 {[%clk 01:12:58]} {[%emt 00:01:27]} Qg6 {[%clk 01:11:55]}
{[%emt 00:00:42]} 21. Qb3 {[%clk 01:10:00]} {[%emt 00:03:28]} Nd2 {[%clk
01:10:16]} {[%emt 00:02:10]} 22. Qxb7 {[%clk 01:09:48]} {[%emt 00:00:42]} Nxf1
{[%clk 01:10:29]} {[%emt 00:00:17]} 23. Rxf1 {[%clk 01:09:49]} {[%emt
00:00:29]} Qe4 {[%clk 01:09:48]} {[%emt 00:01:10]} 24. Qxe4 {[%clk 01:09:45]}
{[%emt 00:00:35]} Rxe4 {[%clk 01:10:13]} {[%emt 00:00:06]} 25. Bc3 {[%clk
01:09:59]} {[%emt 00:00:15]} Rd8 {[%clk 01:09:47]} {[%emt 00:00:56]} 26. Rc1
{[%clk 01:02:53]} {[%emt 00:07:36]} f6 {[%clk 01:07:19]} {[%emt 00:02:58]} 27.
Kf1 {[%clk 01:02:21]} {[%emt 00:01:02]} a6 {[%clk 01:06:29]} {[%emt 00:01:21]}
28. f3 {[%clk 01:01:20]} {[%emt 00:01:31]} Re6 {[%clk 01:06:29]} {[%emt
00:00:30]} 29. Kf2 {[%clk 01:01:00]} {[%emt 00:00:50]} Kf7 {[%clk 01:05:48]}
{[%emt 00:01:10]} 30. Bb4 {[%clk 00:56:59]} {[%emt 00:04:31]} Kg6 {[%clk
01:01:19]} {[%emt 00:05:00]} 31. g4 {[%clk 00:51:40]} {[%emt 00:05:49]} Rd3
{[%clk 00:55:50]} {[%emt 00:05:58]} 32. Re1 {[%clk 00:34:37]} {[%emt 00:17:33]}
Rxe1 {[%clk 00:52:45]} {[%emt 00:03:35]} 33. Bxe1 {[%clk 00:34:46]} {[%emt
00:00:21]} h5 {[%clk 00:50:57]} {[%emt 00:02:19]} 34. Kg3 {[%clk 00:29:38]}
{[%emt 00:05:38]} hxg4 {[%clk 00:49:34]} {[%emt 00:01:52]} 35. Kxg4 {[%clk
00:28:45]} {[%emt 00:01:23]} Rd1 {[%clk 00:49:43]} {[%emt 00:00:21]} 36. Bc3
{[%clk 00:27:27]} {[%emt 00:01:49]} Rg1+ {[%clk 00:49:50]} {[%emt 00:00:23]}
37. Kf4 {[%clk 00:27:20]} {[%emt 00:00:37]} Rg2 {[%clk 00:49:52]} {[%emt
00:00:26]} 38. h3 {[%clk 00:25:47]} {[%emt 00:02:05]} Kh5 {[%emt 00:02:01]} 39.
a4 {[%clk 00:24:49]} Kh4 {[%clk 00:48:48]} {[%emt 00:01:30]} 40. b4 {[%clk
00:24:40]} {[%emt 00:00:40]} Kxh3 {[%clk 00:47:23]} {[%emt 00:01:54]} 41. b5
{[%clk 00:24:08]} {[%emt 00:01:03]} axb5 {[%clk 00:47:28]} {[%emt 00:00:25]}
42. axb5 {[%clk 00:24:29]} {[%emt 00:00:08]} Rc2 {[%clk 00:47:52]} {[%emt
00:00:06]} 43. Bd4 {[%clk 00:23:58]} {[%emt 00:01:02]} Rc4 {[%clk 00:48:00]}
{[%emt 00:00:20]} 44. Ke3 {[%clk 00:23:59]} {[%emt 00:00:31]} Kg3 {[%clk
00:47:23]} {[%emt 00:01:06]} 45. Ke4 {[%clk 00:21:12]} {[%emt 00:03:18]} Rb4
{[%clk 00:46:43]} {[%emt 00:01:09]} 46. b6 {[%clk 00:20:44]} {[%emt 00:01:00]}
f5+ {[%clk 00:47:08]} {[%emt 00:00:05]} 47. Kd3 {[%clk 00:18:53]} {[%emt
00:02:20]} Kxf3 {[%clk 00:47:11]} {[%emt 00:00:27]} 48. Kc3 {[%clk 00:19:15]}
{[%emt 00:00:09]} Rb1 {[%clk 00:47:17]} {[%emt 00:00:11]} 49. Bc5 {[%clk
00:18:36]} {[%emt 00:01:20]} Rc1+ {[%emt 00:04:52]} 0-1

[Event "DEM U12 2023"]
[Site "Willingen GER"]
[Date "2023.06.01"]
[Round "7"]
[White "Rodriguez Klasen, Ennio"]
[Black "Prashanthakumar, Arju"]
[Result "1/2-1/2"]
[Termination "normal"]
[Board "17"]
[WhiteElo "1526"]
[BlackElo "1291"]
[WhiteClock "00:00:46"]
[BlackClock "00:10:53"]
[PlyCount "119"]
[WhiteFideId "16277414"]
[BlackFideId "34604065"]
[EventCountry "GER"]
[EventRounds "9"]
[EventType "swiss"]
[EventDate "2023.05.27"]

1. e4 {[%clk 01:30:55]} {[%emt 00:00:05]} e6 {[%clk 01:30:50]} {[%emt
00:00:11]} 2. d4 {[%clk 01:31:11]} {[%emt 00:00:14]} d5 {[%clk 01:31:11]}
{[%emt 00:00:09]} 3. exd5 {[%clk 01:31:26]} {[%emt 00:00:15]} exd5 {[%clk
01:31:19]} {[%emt 00:00:22]} 4. Nc3 {[%clk 01:31:24]} {[%emt 00:00:32]} Nf6
{[%clk 01:29:25]} {[%emt 00:02:24]} 5. Bf4 {[%clk 01:31:32]} {[%emt 00:00:22]}
Bd6 {[%clk 01:28:10]} {[%emt 00:01:44]} 6. Qd2 {[%clk 01:31:40]} {[%emt
00:00:23]} O-O {[%clk 01:24:04]} {[%emt 00:04:35]} 7. O-O-O {[%clk 01:31:33]}
{[%emt 00:00:37]} Bf5 {[%clk 01:20:26]} {[%emt 00:04:08]} 8. f3 {[%clk
01:31:34]} {[%emt 00:00:30]} c6 {[%clk 01:12:49]} {[%emt 00:08:08]} 9. g4
{[%clk 01:29:57]} {[%emt 00:02:07]} Be6 {[%clk 01:11:20]} {[%emt 00:01:59]} 10.
h4 {[%clk 01:27:07]} {[%emt 00:03:20]} b5 {[%clk 01:05:28]} {[%emt 00:06:22]}
11. h5 {[%clk 01:19:07]} {[%emt 00:08:29]} a5 {[%clk 01:01:43]} {[%emt
00:04:16]} 12. g5 {[%clk 01:18:14]} {[%emt 00:01:23]} Bxf4 {[%clk 01:01:23]}
{[%emt 00:00:50]} 13. Qxf4 {[%clk 01:18:28]} {[%emt 00:00:15]} Nfd7 {[%clk
01:01:00]} {[%emt 00:00:53]} 14. Bd3 {[%clk 01:08:35]} {[%emt 00:10:23]} a4
{[%clk 00:55:37]} {[%emt 00:05:54]} 15. Nge2 {[%clk 00:53:47]} {[%emt
00:15:18]} b4 {[%clk 00:52:26]} {[%emt 00:03:41]} 16. Nb1 {[%clk 00:44:29]}
{[%emt 00:09:48]} Na6 {[%clk 00:44:34]} {[%emt 00:08:22]} 17. Rdg1 {[%clk
00:37:06]} {[%emt 00:07:52]} g6 {[%clk 00:31:41]} {[%emt 00:13:23]} 18. hxg6
{[%clk 00:31:23]} {[%emt 00:06:12]} fxg6 {[%clk 00:29:49]} {[%emt 00:02:22]}
19. Qh4 {[%clk 00:29:07]} {[%emt 00:02:46]} Qe7 {[%clk 00:21:46]} {[%emt
00:08:34]} 20. Nf4 {[%clk 00:22:12]} {[%emt 00:07:25]} Bf5 {[%clk 00:14:15]}
{[%emt 00:08:00]} 21. Bxf5 {[%clk 00:21:29]} {[%emt 00:01:13]} Rxf5 {[%clk
00:13:46]} {[%emt 00:01:00]} 22. Nxg6 {[%clk 00:18:59]} {[%emt 00:02:59]} Qg7
{[%clk 00:12:22]} {[%emt 00:01:54]} 23. Nf4 {[%clk 00:17:37]} {[%emt 00:01:53]}
Nc7 {[%clk 00:11:06]} {[%emt 00:01:46]} 24. g6 {[%clk 00:16:02]} {[%emt
00:02:05]} h6 {[%clk 00:11:11]} {[%emt 00:00:26]} 25. Nh5 {[%clk 00:15:59]}
{[%emt 00:00:32]} Qf8 {[%clk 00:10:44]} {[%emt 00:00:56]} 26. g7 {[%clk
00:13:52]} {[%emt 00:02:39]} Qf7 {[%clk 00:10:19]} {[%emt 00:00:55]} 27. Nd2
{[%emt 00:04:17]} Nf6 {[%clk 00:08:48]} {[%emt 00:01:59]} 28. Ng3 {[%clk
00:09:01]} {[%emt 00:01:35]} Rg5 {[%clk 00:08:20]} {[%emt 00:00:58]} 29. Qxh6
{[%clk 00:09:03]} {[%emt 00:00:28]} Qxg7 {[%clk 00:08:25]} {[%emt 00:00:24]}
30. Qxg7+ {[%clk 00:07:57]} {[%emt 00:01:36]} Rxg7 {[%clk 00:08:18]} {[%emt
00:00:37]} 31. Nf5 {[%clk 00:08:00]} {[%emt 00:00:27]} Rxg1+ {[%clk 00:08:25]}
{[%emt 00:00:23]} 32. Rxg1+ {[%clk 00:08:25]} {[%emt 00:00:05]} Kf8 {[%clk
00:08:14]} {[%emt 00:00:41]} 33. Rg6 {[%clk 00:07:11]} {[%emt 00:01:45]} Nce8
{[%clk 00:07:56]} {[%emt 00:00:47]} 34. Kd1 {[%clk 00:06:18]} {[%emt 00:01:23]}
Ra7 {[%clk 00:07:19]} {[%emt 00:01:07]} 35. Rh6 {[%clk 00:06:22]} {[%emt
00:00:26]} Kg8 {[%clk 00:06:47]} {[%emt 00:01:02]} 36. Nf1 {[%clk 00:04:40]}
{[%emt 00:02:13]} Rc7 {[%clk 00:05:19]} {[%emt 00:01:57]} 37. N1e3 {[%clk
00:03:53]} {[%emt 00:01:18]} Ra7 {[%clk 00:03:41]} {[%emt 00:02:09]} 38. Ng4
{[%clk 00:03:40]} {[%emt 00:00:43]} Nxg4 {[%clk 00:03:34]} {[%emt 00:00:37]}
39. fxg4 {[%clk 00:04:03]} {[%emt 00:00:07]} Rc7 {[%clk 00:03:49]} {[%emt
00:00:15]} 40. Rxc6 {[%clk 00:04:18]} {[%emt 00:00:15]} Rh7 {[%clk 00:02:18]}
{[%emt 00:01:59]} 41. Rg6+ {[%clk 00:03:40]} {[%emt 00:01:09]} Kf7 {[%clk
00:01:27]} {[%emt 00:01:21]} 42. Rh6 {[%clk 00:03:01]} {[%emt 00:01:08]} Rxh6
{[%clk 00:00:36]} {[%emt 00:01:22]} 43. Nxh6+ {[%clk 00:02:29]} {[%emt
00:01:03]} Ke6 {[%clk 00:29:33]} {[%emt 00:01:33]} 44. Nf5 {[%clk 00:29:23]}
{[%emt 00:03:35]} Nf6 {[%clk 00:27:47]} {[%emt 00:02:16]} 45. Ne3 {[%clk
00:28:16]} {[%emt 00:01:37]} Ne4 {[%clk 00:26:50]} {[%emt 00:01:26]} 46. c3
{[%clk 00:12:47]} {[%emt 00:16:01]} bxc3 {[%clk 00:26:04]} {[%emt 00:01:16]}
47. Kc2 {[%clk 00:13:05]} {[%emt 00:00:12]} cxb2 {[%clk 00:23:35]} {[%emt
00:02:59]} 48. Kxb2 {[%clk 00:13:25]} {[%emt 00:00:10]} Kd6 {[%clk 00:22:06]}
{[%emt 00:01:59]} 49. Ka3 {[%clk 00:10:57]} {[%emt 00:02:59]} Nc3 {[%clk
00:20:48]} {[%emt 00:01:47]} 50. Kb2 {[%clk 00:05:38]} {[%emt 00:05:51]} Nb5
{[%clk 00:16:29]} {[%emt 00:04:48]} 51. Nf5+ {[%clk 00:04:07]} {[%emt
00:02:01]} Ke6 {[%clk 00:15:53]} {[%emt 00:01:05]} 52. Kc2 {[%clk 00:03:47]}
{[%emt 00:00:50]} Kf6 {[%clk 00:15:09]} {[%emt 00:01:14]} 53. Kd3 {[%clk
00:03:57]} {[%emt 00:00:20]} Kg5 {[%clk 00:14:21]} {[%emt 00:01:18]} 54. Ne3
{[%clk 00:03:05]} {[%emt 00:01:23]} Nc7 {[%clk 00:13:42]} {[%emt 00:01:09]} 55.
Kd2 {[%clk 00:01:48]} {[%emt 00:01:47]} Kf4 {[%clk 00:12:54]} {[%emt 00:01:17]}
56. Ke2 {[%clk 00:01:47]} {[%emt 00:00:31]} Ke4 {[%clk 00:12:27]} {[%emt
00:00:55]} 57. Nc2 {[%clk 00:00:41]} {[%emt 00:01:37]} Kf4 {[%clk 00:11:50]}
{[%emt 00:01:07]} 58. Kd3 {[%clk 00:00:39]} {[%emt 00:00:33]} Kxg4 {[%clk
00:11:12]} {[%emt 00:01:07]} 59. Nb4 {[%clk 00:00:46]} {[%emt 00:00:23]} Kf5
{[%clk 00:10:53]} {[%emt 00:00:49]} 60. Nc6 {[%emt 00:01:44]} 1/2-1/2

[Event "DEM U12 2023"]
[Site "Willingen GER"]
[Date "2023.06.01"]
[Round "7"]
[White "Lanert, Theodor"]
[Black "Kateryniuk, Ivan"]
[Result "1-0"]
[Termination "normal"]
[Board "18"]
[WhiteElo "1398"]
[BlackElo "1631"]
[WhiteClock "00:17:54"]
[BlackClock "00:42:24"]
[PlyCount "55"]
[WhiteFideId "34605576"]
[BlackFideId "34138943"]
[EventCountry "GER"]
[EventRounds "9"]
[EventType "swiss"]
[EventDate "2023.05.27"]

1. e4 {[%clk 01:30:40]} {[%emt 00:00:20]} e5 {[%clk 01:30:56]} {[%emt
00:00:05]} 2. Nf3 {[%clk 01:31:04]} {[%emt 00:00:05]} Nf6 {[%clk 01:31:21]}
{[%emt 00:00:03]} 3. Nxe5 {[%clk 01:31:27]} {[%emt 00:00:09]} d6 {[%clk
01:31:48]} {[%emt 00:00:04]} 4. Nf3 {[%clk 01:31:49]} {[%emt 00:00:08]} Nxe4
{[%clk 01:32:11]} {[%emt 00:00:07]} 5. Qe2 {[%clk 01:32:10]} {[%emt 00:00:09]}
Qe7 {[%clk 01:32:36]} {[%emt 00:00:05]} 6. d3 {[%clk 01:32:26]} {[%emt
00:00:14]} Nf6 {[%clk 01:32:58]} {[%emt 00:00:08]} 7. h3 {[%clk 01:31:32]}
{[%emt 00:01:25]} h6 {[%clk 01:33:21]} {[%emt 00:00:07]} 8. Nc3 {[%clk
01:31:46]} {[%emt 00:00:16]} c6 {[%clk 01:32:21]} {[%emt 00:01:30]} 9. Bf4
{[%clk 01:30:06]} {[%emt 00:02:10]} Bf5 {[%clk 01:32:07]} {[%emt 00:00:44]} 10.
O-O-O {[%clk 01:26:28]} {[%emt 00:04:08]} Qxe2 {[%clk 01:31:42]} {[%emt
00:00:56]} 11. Bxe2 {[%clk 01:26:45]} {[%emt 00:00:12]} Nbd7 {[%clk 01:31:40]}
{[%emt 00:00:32]} 12. Rhe1 {[%clk 01:26:19]} {[%emt 00:00:56]} O-O-O {[%clk
01:32:01]} {[%emt 00:00:09]} 13. Nd4 {[%clk 01:25:15]} {[%emt 00:01:35]} Bh7
{[%clk 01:30:57]} {[%emt 00:01:34]} 14. Nb3 {[%clk 01:25:07]} {[%emt 00:00:38]}
d5 {[%clk 01:30:00]} {[%emt 00:01:26]} 15. a3 {[%clk 01:20:00]} {[%emt
00:05:38]} Nc5 {[%clk 01:28:46]} {[%emt 00:01:44]} 16. Nd4 {[%clk 01:10:30]}
{[%emt 00:10:01]} g5 {[%clk 01:21:31]} {[%emt 00:07:43]} 17. Bh2 {[%clk
00:49:30]} {[%emt 00:21:31]} Bg7 {[%clk 01:20:14]} {[%emt 00:01:44]} 18. Nf3
{[%clk 00:45:32]} {[%emt 00:04:30]} Rhe8 {[%clk 01:18:55]} {[%emt 00:01:50]}
19. d4 {[%clk 00:43:15]} {[%emt 00:02:48]} Nce4 {[%clk 01:18:19]} {[%emt
00:01:05]} 20. Nxe4 {[%emt 00:06:22]} Nxe4 {[%clk 01:12:48]} {[%emt 00:01:04]}
21. Bd3 {[%clk 00:36:45]} {[%emt 00:06:07]} f5 {[%clk 01:10:26]} {[%emt
00:02:51]} 22. Re2 {[%clk 00:32:15]} {[%emt 00:05:01]} Bg6 {[%clk 01:00:00]}
{[%emt 00:10:55]} 23. c4 {[%clk 00:26:40]} {[%emt 00:06:07]} Bh5 {[%clk
00:53:10]} {[%emt 00:07:20]} 24. cxd5 {[%clk 00:24:39]} {[%emt 00:02:31]} g4
{[%clk 00:50:47]} {[%emt 00:02:52]} 25. hxg4 {[%clk 00:22:04]} {[%emt
00:03:06]} fxg4 {[%clk 00:47:29]} {[%emt 00:03:48]} 26. Bxe4 {[%clk 00:21:23]}
{[%emt 00:01:12]} Rxe4 {[%clk 00:42:09]} {[%emt 00:05:49]} 27. Rxe4 {[%clk
00:21:15]} {[%emt 00:00:38]} gxf3 {[%clk 00:42:24]} {[%emt 00:00:15]} 28. Re7
{[%clk 00:17:54]} {[%emt 00:03:51]} 1-0